[Event "Campeonato España Sub 18"]
[Site "Salobreña"]
[Date "2017.08.03"]
[Round "6"]
[White "Perez Tores, Juan Miguel"]
[Black "Ros Alonso, Jaume"]
[Result "1-0"]
[Board "21"]
[WhiteClock "n/a"]
[WhiteElo "2163"]
[WhiteCountry "ESP"]
[WhiteFideId "22247602"]
[WhiteEloChange "6"]
[BlackClock "n/a"]
[BlackElo "2006"]
[BlackCountry "ESP"]
[BlackFideId "32013418"]
[BlackEloChange "-6"]

1. e4 {[%clk 1:30:30]} c5 {[%clk 1:30:30]} 2. Nf3 {[%clk 1:30:30]} e6 {[%clk
1:30:30]} 3. d4 {[%clk 1:30:30]} cxd4 {[%clk 1:30:30]} 4. Nxd4 {[%clk 1:30:30]}
a6 {[%clk 1:30:30]} 5. Nc3 {[%clk 1:30:30]} Qc7 {[%clk 1:30:30]} 6. Qf3 {[%clk
1:30:30]} Bd6 {[%clk 1:30:30]} 7. Qg4 {[%clk 1:30:30]} Be5 {[%clk 1:30:30]} 8.
Be3 {[%clk 1:30:30]} Nf6 {[%clk 1:30:30]} 9. Qh4 {[%clk 1:30:30]} Nc6 {[%clk
1:30:30]} 10. O-O-O {[%clk 1:30:30]} Ne7 {[%clk 1:30:30]} 11. f3 {[%clk 1:30:30]}
d5 {[%clk 1:30:30]} 12. Bg1 {[%clk 1:30:30]} O-O {[%clk 1:30:30]} 13. Qe1 {[%clk
1:30:30]} b5 {[%clk 1:30:30]} 14. a3 {[%clk 1:30:30]} Bd6 {[%clk 1:30:30]} 15.
Kb1 {[%clk 1:30:30]} e5 {[%clk 1:30:30]} 16. Ndxb5 {[%clk 1:30:30]} axb5 {[%clk
1:30:30]} 17. Nxb5 {[%clk 1:30:30]} Qb8 {[%clk 1:30:30]} 18. exd5 {[%clk
1:30:30]} Bf5 {[%clk 1:30:30]} 19. Nxd6 {[%clk 1:30:30]} Qxd6 {[%clk 1:30:30]}
20. Bd3 {[%clk 1:30:30]} Rfb8 {[%clk 1:30:30]} 21. Kc1 {[%clk 1:30:30]} Rxb2
{[%clk 1:30:30]} 22. Qc3 {[%clk 1:30:30]} Rab8 {[%clk 1:30:30]} 23. Bc5 {[%clk
1:30:30]} Qxd5 {[%clk 1:30:30]} 24. Bxe7 {[%clk 1:30:30]} e4 {[%clk 1:30:30]} 25.
Qxb2 {[%clk 1:30:30]} Rxb2 {[%clk 1:30:30]} 26. Bxe4 {[%clk 1:30:30]} Qb5 {[%clk
1:30:30]} 27. Bb4 {[%clk 1:30:30]} Rxb4 {[%clk 1:30:30]} 28. axb4 {[%clk
1:30:30]} Bxe4 {[%clk 1:30:30]} 29. fxe4 {[%clk 1:30:30]} g6 {[%clk 1:30:30]} 30.
Rd4 {[%clk 1:30:30]} Qg5+ {[%clk 1:30:30]} 31. Kb2 {[%clk 1:30:30]} Qxg2 {[%clk
1:30:30]} 32. Rhd1 {[%clk 1:30:30]} Nxe4 {[%clk 1:30:30]} 33. Kb3 {[%clk
1:30:30]} f5 {[%clk 1:30:30]} 34. b5 {[%clk 1:30:30]} Nc5+ {[%clk 1:30:30]} 35.
Kb4 {[%clk 1:30:30]} Qxc2 {[%clk 1:30:30]} 36. R1d2 {[%clk 1:30:30]} Qc1 {[%clk
1:30:30]} 37. Rd1 {[%clk 1:30:30]} Qc2 {[%clk 1:30:30]} 38. R1d2 {[%clk 1:30:30]}
Qc1 {[%clk 1:30:30]} 39. Rd1 {[%clk 1:30:30]} Qb2+ {[%clk 1:30:30]} 40. Kxc5
{[%clk 1:30:30]} f4 {[%clk 1:30:30]} 41. b6 {[%clk 1:30:30]} f3 {[%clk 1:30:30]}
42. b7 {[%clk 1:30:30]} Qc2+ {[%clk 1:30:30]} 43. Rc4 {[%clk 1:30:30]} Qf5+
{[%clk 1:30:30]} 44. Kb6 {[%clk 1:30:30]} Qe6+ {[%clk 1:30:30]} 45. Rc6 {[%clk
1:30:30]} Qe3+ {[%clk 1:30:30]} 46. Kc7 {[%clk 1:30:30]} Qe5+ {[%clk 1:30:30]}
47. Kc8 {[%clk 1:30:30]} Qf5+ {[%clk 1:30:30]} 48. Rd7 {[%clk 1:30:30]} f2 {[%clk
1:30:30]} 49. b8Q {[%clk 1:30:30]} f1Q {[%clk 1:30:30]} 50. Kb7+ {[%clk 1:30:30]}
Qf8 {[%clk 1:30:30]} 51. Qxf8+ {[%clk 1:30:30]} Qxf8 {[%clk 1:30:30]} 52. Rc8
{[%clk 1:30:30]} 1-0

[Event "Campeonato España Sub 18"]
[Site "Salobreña"]
[Date "2017.08.03"]
[Round "6"]
[White "Villemur Tamarit, Juan"]
[Black "Dorronsoro Larbide, Ibai"]
[Result "1-0"]
[Board "22"]
[WhiteClock "1:30"]
[WhiteElo "2146"]
[WhiteCountry "ESP"]
[WhiteFideId "22280332"]
[WhiteEloChange "3"]
[BlackClock "1:30"]
[BlackElo "1846"]
[BlackCountry "ESP"]
[BlackFideId "24513377"]
[BlackEloChange "-3"]

1. d4 {[%clk 1:30:00]} Nf6 {[%clk 1:30:00]} 2. Nf3 {[%clk 1:31:00]} e6 {[%clk
1:31:00]} 3. c4 {[%clk 1:31:00]} b6 {[%clk 1:31:00]} 4. a3 {[%clk 1:32:00]} Bb7
{[%clk 1:32:00]} 5. Nc3 {[%clk 1:32:00]} Be7 {[%clk 1:31:00]} 6. Qc2 {[%clk
1:32:00]} d5 {[%clk 1:31:00]} 7. cxd5 {[%clk 1:31:00]} exd5 {[%clk 1:31:00]} 8.
g3 {[%clk 1:32:00]} O-O {[%clk 1:31:00]} 9. Bg2 {[%clk 1:31:00]} c5 {[%clk
1:26:00]} 10. O-O {[%clk 1:18:00]} Nc6 {[%clk 1:25:00]} 11. dxc5 {[%clk 1:17:00]}
bxc5 {[%clk 1:20:00]} 12. Rd1 {[%clk 1:16:00]} Qb6 {[%clk 1:06:00]} 13. Bf4
{[%clk 1:12:00]} Na5 {[%clk 1:03:00]} 14. Ne5 {[%clk 0:57:00]} Rfd8 {[%clk
0:51:00]} 15. Rab1 {[%clk 0:46:00]} Nb3 {[%clk 0:39:00]} 16. Bg5 {[%clk 0:43:00]}
Nd4 {[%clk 0:36:00]} 17. Qa4 {[%clk 0:39:00]} Qe6 {[%clk 0:21:00]} 18. e3 {[%clk
0:36:00]} Qxe5 {[%clk 0:17:28]} 19. Bf4 {[%clk 0:36:00]} Qe6 {[%clk 0:16:40]} 20.
exd4 {[%clk 0:36:00]} Bc6 {[%clk 0:15:09]} 21. Qa5 {[%clk 0:35:00]} c4 {[%clk
0:14:53]} 22. Re1 {[%clk 0:34:00]} Qd7 {[%clk 0:15:12]} 23. b3 {[%clk 0:33:00]}
cxb3 {[%clk 0:12:59]} 24. Rxb3 {[%clk 0:32:00]} Bd6 {[%clk 0:12:13]} 25. Bg5
{[%clk 0:29:00]} Bc7 {[%clk 0:12:00]} 26. Qa6 {[%clk 0:29:00]} Qd6 {[%clk
0:09:54]} 27. Rc1 {[%clk 0:28:00]} Bb6 {[%clk 0:10:06]} 28. Bf4 {[%clk 0:27:00]}
Qe6 {[%clk 0:10:04]} 29. Qd3 {[%clk 0:27:00]} Ne4 {[%clk 0:09:02]} 30. Re1 {[%clk
0:26:00]} Qg6 {[%clk 0:08:37]} 31. Nxe4 {[%clk 0:25:00]} dxe4 {[%clk 0:09:05]}
32. Bxe4 {[%clk 0:25:00]} Bxe4 {[%clk 0:09:13]} 33. Rxe4 {[%clk 0:25:00]} f5
{[%clk 0:09:23]} 34. Qc4+ {[%clk 0:25:00]} Qf7 {[%clk 0:08:08]} 35. Re6 {[%clk
0:24:00]} Rxd4 {[%clk 0:07:53]} 36. Qc6 {[%clk 0:24:00]} Qd7 {[%clk 0:06:46]} 37.
Qxa8+ {[%clk 0:24:00]} 1-0

[Event "Campeonato España Sub 18"]
[Site "Salobreña"]
[Date "2017.08.03"]
[Round "6"]
[White "Puga Sanchez, Miguel"]
[Black "Chao Vale, Fernando"]
[Result "1/2-1/2"]
[Board "23"]
[WhiteClock "1:30"]
[WhiteElo "2030"]
[WhiteCountry "ESP"]
[WhiteFideId "22275096"]
[WhiteEloChange "3"]
[BlackClock "1:30"]
[BlackElo "2139"]
[BlackCountry "ESP"]
[BlackFideId "22241663"]
[BlackEloChange "-3"]

1. e4 {[%clk 1:30:00]} c5 {[%clk 1:31:00]} 2. Nf3 {[%clk 1:31:00]} d6 {[%clk
1:31:00]} 3. d4 {[%clk 1:31:00]} cxd4 {[%clk 1:31:00]} 4. Qxd4 {[%clk 1:31:00]}
a6 {[%clk 1:31:00]} 5. Be3 {[%clk 1:31:00]} Nc6 {[%clk 1:32:00]} 6. Qd2 {[%clk
1:31:00]} Nf6 {[%clk 1:31:00]} 7. Nc3 {[%clk 1:31:00]} Bg4 {[%clk 1:32:00]} 8.
Nd4 {[%clk 1:22:00]} Nxd4 {[%clk 1:33:00]} 9. Bxd4 {[%clk 1:22:00]} e5 {[%clk
1:33:00]} 10. Be3 {[%clk 1:22:00]} Be6 {[%clk 1:34:00]} 11. Rd1 {[%clk 1:06:00]}
h6 {[%clk 1:10:00]} 12. f4 {[%clk 0:57:00]} Qc7 {[%clk 1:07:00]} 13. Bd3 {[%clk
0:35:00]} Be7 {[%clk 1:05:00]} 14. O-O {[%clk 0:35:00]} b5 {[%clk 0:58:00]} 15.
a3 {[%clk 0:34:00]} Rd8 {[%clk 0:56:00]} 16. Kh1 {[%clk 0:25:00]} d5 {[%clk
0:43:00]} 17. exd5 {[%clk 0:15:42]} Nxd5 {[%clk 0:40:00]} 18. Nxd5 {[%clk
0:15:07]} Rxd5 {[%clk 0:33:00]} 19. f5 {[%clk 0:12:58]} Bc8 {[%clk 0:32:00]} 20.
Qe2 {[%clk 0:08:50]} Bb7 {[%clk 0:31:00]} 21. a4 {[%clk 0:07:18]} Bc6 {[%clk
0:27:00]} 22. a5 {[%clk 0:05:20]} Bf6 {[%clk 0:25:00]} 23. Bb6 {[%clk 0:03:42]}
Qb7 {[%clk 0:25:00]} 24. c4 {[%clk 0:03:12]} bxc4 {[%clk 0:24:00]} 25. Bxc4
{[%clk 0:03:34]} Rxd1 {[%clk 0:25:00]} 26. Rxd1 {[%clk 0:03:45]} O-O {[%clk
0:25:00]} 27. b4 {[%clk 0:01:06]} Rc8 {[%clk 0:21:00]} 28. Bxa6 {[%clk 0:00:51]}
Bxg2+ {[%clk 0:21:00]} 29. Kg1 {[%clk 0:01:11]} Qa8 {[%clk 0:19:31]} 30. Bxc8
{[%clk 0:00:20]} Bf3 {[%clk 0:20:00]} 31. Qd2 {[%clk 0:00:37]} Bxd1 {[%clk
0:18:56]} 32. Qxd1 {[%clk 0:00:22]} Qxc8 {[%clk 0:19:25]} 33. Qd3 {[%clk
0:00:38]} Qc1+ {[%clk 0:19:37]} 34. Kg2 {[%clk 0:00:39]} Qb2+ {[%clk 0:19:57]}
35. Bf2 {[%clk 0:00:51]} Bh4 {[%clk 0:12:57]} 36. Qe3 {[%clk 0:00:39]} Bxf2
{[%clk 0:12:44]} 37. Qxf2 {[%clk 0:01:04]} Qxb4 {[%clk 0:13:09]} 38. a6 {[%clk
0:00:36]} Qg4+ {[%clk 0:12:50]} 39. Kh1 {[%clk 0:00:41]} Qd1+ {[%clk 0:11:38]}
40. Kg2 {[%clk 0:00:55]} Qg4+ {[%clk 0:11:24]} 41. Kh1 {[%clk 0:00:41]} Qd1+
{[%clk 0:10:12]} 42. Kg2 {[%clk 0:00:56]} Qd5+ {[%clk 0:08:16]} 43. Kg1 {[%clk
0:01:04]} Qd1+ {[%clk 0:08:16]} 1/2-1/2

[Event "Campeonato España Sub 18"]
[Site "Salobreña"]
[Date "2017.08.03"]
[Round "6"]
[White "Salagran Ferragut, Guillem"]
[Black "Rodriguez Mellado, Antonio"]
[Result "1-0"]
[Board "24"]
[WhiteClock "1:30"]
[WhiteElo "2201"]
[WhiteCountry "ESP"]
[WhiteFideId "2241897"]
[WhiteEloChange "5"]
[BlackClock "1:30"]
[BlackElo "1997"]
[BlackCountry "ESP"]
[BlackFideId "22243038"]
[BlackEloChange "-5"]

1. e4 {[%clk 1:30:00]} e5 {[%clk 1:30:00]} 2. Nf3 {[%clk 1:31:00]} Nc6 {[%clk
1:30:00]} 3. Bb5 {[%clk 1:31:00]} Nf6 {[%clk 1:30:00]} 4. d3 {[%clk 1:31:00]} d6
{[%clk 1:30:00]} 5. c3 {[%clk 1:31:00]} Bd7 {[%clk 1:30:00]} 6. O-O {[%clk
1:28:00]} g6 {[%clk 1:27:00]} 7. Re1 {[%clk 1:22:00]} Bg7 {[%clk 1:27:00]} 8. d4
{[%clk 1:20:00]} O-O {[%clk 1:26:00]} 9. Na3 {[%clk 1:14:00]} a6 {[%clk 1:22:00]}
10. dxe5 {[%clk 1:08:00]} dxe5 {[%clk 1:20:00]} 11. Bd3 {[%clk 1:08:00]} h6
{[%clk 1:20:00]} 12. Nc4 {[%clk 1:06:00]} Qe7 {[%clk 1:19:00]} 13. b3 {[%clk
1:04:00]} Rfe8 {[%clk 1:17:00]} 14. Ba3 {[%clk 1:03:00]} Qe6 {[%clk 1:16:00]} 15.
Ne3 {[%clk 0:59:00]} b5 {[%clk 1:16:00]} 16. c4 {[%clk 0:49:00]} b4 {[%clk
1:07:00]} 17. Bb2 {[%clk 0:49:00]} Qd6 {[%clk 1:05:00]} 18. Qd2 {[%clk 0:31:00]}
Rad8 {[%clk 1:04:00]} 19. Nd5 {[%clk 0:28:00]} Bg4 {[%clk 1:00:00]} 20. Qe3
{[%clk 0:27:00]} Nd4 {[%clk 0:57:00]} 21. Nxd4 {[%clk 0:18:21]} Nxd5 {[%clk
0:57:00]} 22. cxd5 {[%clk 0:15:33]} exd4 {[%clk 0:56:00]} 23. Bxd4 {[%clk
0:15:07]} c6 {[%clk 0:56:00]} 24. Bxg7 {[%clk 0:13:41]} Kxg7 {[%clk 0:56:00]} 25.
Qd4+ {[%clk 0:10:34]} Qe5 {[%clk 0:54:00]} 26. Qxe5+ {[%clk 0:10:07]} Rxe5 {[%clk
0:55:00]} 27. Bc4 {[%clk 0:10:09]} cxd5 {[%clk 0:55:00]} 28. exd5 {[%clk
0:09:54]} Kf6 {[%clk 0:55:00]} 29. Kf1 {[%clk 0:09:50]} a5 {[%clk 0:54:00]} 30.
a3 {[%clk 0:08:26]} a4 {[%clk 0:50:00]} 31. axb4 {[%clk 0:06:15]} Rxe1+ {[%clk
0:49:00]} 32. Kxe1 {[%clk 0:06:44]} axb3 {[%clk 0:49:00]} 33. Rb1 {[%clk
0:05:51]} Ke5 {[%clk 0:48:00]} 34. Bxb3 {[%clk 0:04:59]} Kd4 {[%clk 0:48:00]} 35.
Rc1 {[%clk 0:02:37]} Re8+ {[%clk 0:47:00]} 36. Kf1 {[%clk 0:02:40]} Be2+ {[%clk
0:47:00]} 37. Kg1 {[%clk 0:02:55]} Rb8 {[%clk 0:45:00]} 38. d6 {[%clk 0:02:56]}
Rd8 {[%clk 0:45:00]} 39. Rc6 {[%clk 0:02:24]} Bb5 {[%clk 0:45:00]} 40. Rb6 {[%clk
0:02:48]} Be8 {[%clk 0:45:00]} 41. f4 {[%clk 0:01:39]} g5 {[%clk 0:45:00]} 42.
fxg5 {[%clk 0:01:39]} hxg5 {[%clk 0:46:00]} 43. Kf2 {[%clk 0:01:07]} Ke5 {[%clk
0:46:00]} 44. Kg3 {[%clk 0:00:58]} Rxd6 {[%clk 0:46:00]} 45. Rxd6 {[%clk
0:01:26]} Kxd6 {[%clk 0:47:00]} 46. Kg4 {[%clk 0:01:40]} f6 {[%clk 0:47:00]} 47.
Kf5 {[%clk 0:02:00]} Ke7 {[%clk 0:48:00]} 48. Bc4 {[%clk 0:00:59]} Bc6 {[%clk
0:47:00]} 49. g3 {[%clk 0:01:19]} Bd7+ {[%clk 0:48:00]} 50. Ke4 {[%clk 0:00:36]}
Bh3 {[%clk 0:47:00]} 51. b5 {[%clk 0:00:46]} Kd6 {[%clk 0:47:00]} 52. Kd4 {[%clk
0:00:52]} Bg2 {[%clk 0:46:00]} 53. Bd3 {[%clk 0:01:13]} Bf3 {[%clk 0:46:00]} 54.
b6 {[%clk 0:01:17]} Bb7 {[%clk 0:45:00]} 55. Be4 {[%clk 0:01:40]} Ba6 {[%clk
0:45:00]} 56. Bd5 {[%clk 0:01:32]} Bb5 {[%clk 0:45:00]} 57. b7 {[%clk 0:01:48]}
Kc7 {[%clk 0:46:00]} 58. Ke4 {[%clk 0:01:41]} Bd7 {[%clk 0:46:00]} 59. h4 {[%clk
0:01:32]} Bg4 {[%clk 0:45:00]} 60. hxg5 {[%clk 0:01:15]} fxg5 {[%clk 0:45:00]}
61. Ke5 {[%clk 0:01:35]} Bd7 {[%clk 0:45:00]} 62. Be6 {[%clk 0:01:16]} Be8 {[%clk
0:45:00]} 63. Bc8 {[%clk 0:01:16]} 1-0

[Event "Campeonato España Sub 18"]
[Site "Salobreña"]
[Date "2017.08.03"]
[Round "6"]
[White "Gomez Sanjuan, Hector Fernando"]
[Black "Lagos Lejarraga, Jon"]
[Result "1-0"]
[Board "25"]
[WhiteClock "1:30"]
[WhiteElo "2189"]
[WhiteCountry "ESP"]
[WhiteFideId "22274960"]
[WhiteEloChange "5"]
[BlackClock "1:30"]
[BlackElo "1987"]
[BlackCountry "ESP"]
[BlackFideId "32065124"]
[BlackEloChange "-5"]

1. d4 {[%clk 1:30:00]} d5 {[%clk 1:30:00]} 2. c4 {[%clk 1:31:00]} e6 {[%clk
1:31:00]} 3. Nc3 {[%clk 1:31:00]} Nf6 {[%clk 1:31:00]} 4. cxd5 {[%clk 1:32:00]}
exd5 {[%clk 1:32:00]} 5. Bg5 {[%clk 1:32:00]} Be7 {[%clk 1:32:00]} 6. e3 {[%clk
1:32:00]} c6 {[%clk 1:32:00]} 7. Bd3 {[%clk 1:32:00]} Nbd7 {[%clk 1:32:00]} 8.
Nf3 {[%clk 1:32:00]} h6 {[%clk 1:31:00]} 9. Bf4 {[%clk 1:32:00]} Nh5 {[%clk
1:24:00]} 10. Be5 {[%clk 1:32:00]} Nxe5 {[%clk 1:19:00]} 11. Nxe5 {[%clk
1:32:00]} Nf6 {[%clk 1:19:00]} 12. O-O {[%clk 1:30:00]} O-O {[%clk 1:18:00]} 13.
f4 {[%clk 1:29:00]} Bd6 {[%clk 0:59:00]} 14. Qf3 {[%clk 1:23:00]} Be6 {[%clk
0:46:00]} 15. h3 {[%clk 1:21:00]} Qe7 {[%clk 0:34:00]} 16. Rae1 {[%clk 1:18:00]}
Rad8 {[%clk 0:31:00]} 17. g4 {[%clk 1:13:00]} Bxe5 {[%clk 0:25:00]} 18. dxe5
{[%clk 1:11:00]} Nh7 {[%clk 0:24:00]} 19. Qg3 {[%clk 1:08:00]} Rfe8 {[%clk
0:23:00]} 20. h4 {[%clk 1:05:00]} Nf8 {[%clk 0:14:35]} 21. Rf2 {[%clk 0:57:00]}
b5 {[%clk 0:14:33]} 22. h5 {[%clk 0:56:00]} b4 {[%clk 0:14:00]} 23. Ne2 {[%clk
0:55:00]} c5 {[%clk 0:14:13]} 24. Rg2 {[%clk 0:52:00]} Bc8 {[%clk 0:13:16]} 25.
Qf2 {[%clk 0:40:00]} Bb7 {[%clk 0:09:06]} 26. Bb5 {[%clk 0:37:00]} Nd7 {[%clk
0:09:08]} 27. Ng3 {[%clk 0:35:00]} Qe6 {[%clk 0:09:04]} 28. Nf5 {[%clk 0:34:00]}
Rf8 {[%clk 0:07:37]} 29. Nd6 {[%clk 0:34:00]} Ba8 {[%clk 0:07:37]} 30. g5 {[%clk
0:33:00]} c4 {[%clk 0:04:23]} 31. gxh6 {[%clk 0:32:00]} Qxh6 {[%clk 0:04:44]} 32.
Nf5 {[%clk 0:31:00]} Qxh5 {[%clk 0:03:48]} 33. Nxg7 {[%clk 0:31:00]} 1-0

[Event "Campeonato España Sub 18"]
[Site "Salobreña"]
[Date "2017.08.04"]
[Round "7"]
[White "Perez Garcia, Alejandro"]
[Black "Santos Ruiz, Miguel"]
[Result "0-1"]
[Board "1"]
[WhiteClock "n/a"]
[WhiteTitle "IM"]
[WhiteElo "2358"]
[WhiteCountry "ESP"]
[WhiteFideId "32041543"]
[WhiteEloChange "-7"]
[BlackClock "n/a"]
[BlackTitle "IM"]
[BlackElo "2469"]
[BlackCountry "ESP"]
[BlackFideId "22291482"]
[BlackEloChange "3"]

1. d4 {[%clk 1:30:30]} Nf6 {[%clk 1:30:30]} 2. c4 {[%clk 1:30:30]} e6 {[%clk
1:30:30]} 3. Nf3 {[%clk 1:30:30]} d5 {[%clk 1:30:30]} 4. g3 {[%clk 1:30:30]} Bb4+
{[%clk 1:30:30]} 5. Bd2 {[%clk 1:30:30]} Bd6 {[%clk 1:30:30]} 6. Nc3 {[%clk
1:30:30]} O-O {[%clk 1:30:30]} 7. Qc2 {[%clk 1:30:30]} Nc6 {[%clk 1:30:30]} 8. c5
{[%clk 1:30:30]} Be7 {[%clk 1:30:30]} 9. Rb1 {[%clk 1:30:30]} e5 {[%clk 1:30:30]}
10. dxe5 {[%clk 1:30:30]} Ng4 {[%clk 1:30:30]} 11. Bg2 {[%clk 1:30:30]} d4 {[%clk
1:30:30]} 12. Nb5 {[%clk 1:30:30]} a6 {[%clk 1:30:30]} 13. Nd6 {[%clk 1:30:30]}
d3 {[%clk 1:30:30]} 14. exd3 {[%clk 1:30:30]} cxd6 {[%clk 1:30:30]} 15. cxd6
{[%clk 1:30:30]} Bxd6 {[%clk 1:30:30]} 16. exd6 {[%clk 1:30:30]} Re8+ {[%clk
1:30:30]} 17. Kf1 {[%clk 1:30:30]} Bf5 {[%clk 1:30:30]} 18. Nh4 {[%clk 1:30:30]}
Qb6 {[%clk 1:30:30]} 19. Be3 {[%clk 1:30:30]} Nxe3+ {[%clk 1:30:30]} 20. fxe3
{[%clk 1:30:30]} Nb4 {[%clk 1:30:30]} 21. Qd2 {[%clk 1:30:30]} Bxd3+ {[%clk
1:30:30]} 22. Kf2 {[%clk 1:30:30]} Rad8 {[%clk 1:30:30]} 23. Rbd1 {[%clk
1:30:30]} Rxd6 {[%clk 1:30:30]} 24. Bf1 {[%clk 1:30:30]} Rf6+ {[%clk 1:30:30]}
25. Nf3 {[%clk 1:30:30]} Rxf3+ {[%clk 1:30:30]} 26. Kxf3 {[%clk 1:30:30]} Be4+
{[%clk 1:30:30]} 27. Kf2 {[%clk 1:30:30]} Bxh1 {[%clk 1:30:30]} 28. Bc4 {[%clk
1:30:30]} Be4 {[%clk 1:30:30]} 29. Qd7 {[%clk 1:30:30]} Qf6+ {[%clk 1:30:30]} 30.
Kg1 {[%clk 1:30:30]} Bc6 {[%clk 1:30:30]} 31. Qc7 {[%clk 1:30:30]} Qf3 {[%clk
1:30:30]} 32. e4 {[%clk 1:30:30]} Qxd1+ {[%clk 1:30:30]} 0-1

[Event "Campeonato España Sub 18"]
[Site "Salobreña"]
[Date "2017.08.04"]
[Round "7"]
[White "Porta Tovar, Guillem"]
[Black "Portela Peleteiro, Alberto"]
[Result "0-1"]
[Board "2"]
[WhiteClock "1:30"]
[WhiteElo "2202"]
[WhiteCountry "ESP"]
[WhiteFideId "32008341"]
[WhiteEloChange "-5"]
[BlackClock "1:30"]
[BlackTitle "FM"]
[BlackElo "2398"]
[BlackCountry "ESP"]
[BlackFideId "22276106"]
[BlackEloChange "5"]

1. e4 {[%clk 1:30:00]} e5 {[%clk 1:30:00]} 2. Nf3 {[%clk 1:31:00]} d6 {[%clk
1:30:00]} 3. Bc4 {[%clk 1:28:00]} Be7 {[%clk 1:23:00]} 4. d4 {[%clk 1:24:00]}
exd4 {[%clk 1:23:00]} 5. Qxd4 {[%clk 1:22:00]} Nf6 {[%clk 1:21:00]} 6. Nc3 {[%clk
1:16:00]} Nc6 {[%clk 1:21:00]} 7. Qd1 {[%clk 1:15:00]} O-O {[%clk 1:16:00]} 8.
O-O {[%clk 1:15:00]} Nd7 {[%clk 1:00:00]} 9. h3 {[%clk 1:06:00]} Nb6 {[%clk
0:58:00]} 10. Bb5 {[%clk 1:04:00]} a6 {[%clk 0:54:00]} 11. Be2 {[%clk 1:04:00]}
Bf6 {[%clk 0:51:00]} 12. Nd5 {[%clk 1:01:00]} Nxd5 {[%clk 0:51:00]} 13. exd5
{[%clk 1:01:00]} Ne5 {[%clk 0:44:00]} 14. Nd4 {[%clk 0:51:00]} c5 {[%clk
0:42:00]} 15. dxc6 {[%clk 0:51:00]} bxc6 {[%clk 0:42:00]} 16. Be3 {[%clk
0:47:00]} c5 {[%clk 0:37:00]} 17. Nf3 {[%clk 0:43:00]} Rb8 {[%clk 0:36:00]} 18.
Nd2 {[%clk 0:36:00]} Rxb2 {[%clk 0:34:00]} 19. Ne4 {[%clk 0:34:00]} Be7 {[%clk
0:32:00]} 20. f4 {[%clk 0:24:00]} Nc6 {[%clk 0:32:00]} 21. f5 {[%clk 0:23:00]} d5
{[%clk 0:29:00]} 22. f6 {[%clk 0:20:00]} dxe4 {[%clk 0:28:00]} 23. fxe7 {[%clk
0:20:00]} Qxe7 {[%clk 0:28:00]} 24. Qd5 {[%clk 0:20:00]} Nd4 {[%clk 0:26:00]} 25.
Bxd4 {[%clk 0:19:59]} cxd4 {[%clk 0:27:00]} 26. Qxd4 {[%clk 0:20:00]} Rxc2 {[%clk
0:25:00]} 27. Bc4 {[%clk 0:18:36]} Bxh3 {[%clk 0:18:27]} 28. Rad1 {[%clk
0:16:02]} Be6 {[%clk 0:17:16]} 29. Bxa6 {[%clk 0:15:28]} Rxa2 {[%clk 0:17:23]}
30. Bb5 {[%clk 0:15:24]} Qg5 {[%clk 0:17:23]} 0-1

[Event "Campeonato España Sub 18"]
[Site "Salobreña"]
[Date "2017.08.04"]
[Round "7"]
[White "Bayo Milagro, Alvaro"]
[Black "Domingo Nunez, Alejandro"]
[Result "1/2-1/2"]
[Board "3"]
[WhiteClock "1:30"]
[WhiteTitle "FM"]
[WhiteElo "2288"]
[WhiteCountry "ESP"]
[WhiteFideId "22275240"]
[BlackClock "1:30"]
[BlackTitle "FM"]
[BlackElo "2287"]
[BlackCountry "ESP"]
[BlackFideId "22245561"]

1. c4 {[%clk 1:30:00]} e5 {[%clk 1:30:00]} 2. Nc3 {[%clk 1:31:00]} Nc6 {[%clk
1:31:00]} 3. e3 {[%clk 1:31:00]} Nf6 {[%clk 1:31:00]} 4. Nf3 {[%clk 1:31:00]} Bb4
{[%clk 1:31:00]} 5. Qc2 {[%clk 1:32:00]} Bxc3 {[%clk 1:31:00]} 6. Qxc3 {[%clk
1:32:00]} Qe7 {[%clk 1:32:00]} 7. a3 {[%clk 1:21:00]} d5 {[%clk 1:32:00]} 8. cxd5
{[%clk 1:21:00]} Nxd5 {[%clk 1:32:00]} 9. Qb3 {[%clk 1:21:00]} Nb6 {[%clk
1:32:00]} 10. d3 {[%clk 1:22:00]} a5 {[%clk 1:30:00]} 11. Bd2 {[%clk 1:19:00]}
Be6 {[%clk 1:25:00]} 12. Qc2 {[%clk 1:15:00]} a4 {[%clk 1:23:00]} 13. Rc1 {[%clk
1:15:00]} Nd7 {[%clk 1:23:00]} 14. Be2 {[%clk 1:14:00]} Bb3 {[%clk 1:14:00]} 15.
Qc3 {[%clk 1:14:00]} Ra5 {[%clk 1:14:00]} 16. d4 {[%clk 1:11:00]} O-O {[%clk
0:58:00]} 17. Bc4 {[%clk 1:02:00]} e4 {[%clk 0:48:00]} 18. Ng1 {[%clk 1:02:00]}
Nc5 {[%clk 0:40:00]} 19. Be2 {[%clk 0:56:00]} Nd7 {[%clk 0:36:00]} 20. Bc4 {[%clk
0:52:00]} Bxc4 {[%clk 0:31:00]} 21. Qxc4 {[%clk 0:53:00]} Rg5 {[%clk 0:31:00]}
22. g3 {[%clk 0:46:00]} Nb6 {[%clk 0:31:00]} 23. Qc2 {[%clk 0:44:00]} Re8 {[%clk
0:26:00]} 24. Ne2 {[%clk 0:44:00]} Qe6 {[%clk 0:25:00]} 25. Nf4 {[%clk 0:42:00]}
Qa2 {[%clk 0:23:00]} 26. O-O {[%clk 0:39:00]} Rb5 {[%clk 0:23:00]} 27. Bc3 {[%clk
0:39:00]} f6 {[%clk 0:15:47]} 28. d5 {[%clk 0:36:00]} Nxd5 {[%clk 0:15:13]} 29.
Nxd5 {[%clk 0:37:00]} Rxd5 {[%clk 0:13:53]} 30. Qxa4 {[%clk 0:37:00]} Rh5 {[%clk
0:14:20]} 31. Bd4 {[%clk 0:36:00]} Qe6 {[%clk 0:08:32]} 32. Qc4 {[%clk 0:34:00]}
Nxd4 {[%clk 0:08:54]} 33. exd4 {[%clk 0:34:00]} c6 {[%clk 0:08:35]} 34. Qxe6+
{[%clk 0:32:00]} Rxe6 {[%clk 0:09:04]} 35. Rc5 {[%clk 0:29:00]} Rxc5 {[%clk
0:07:16]} 36. dxc5 {[%clk 0:29:00]} e3 {[%clk 0:04:36]} 37. f4 {[%clk 0:18:57]}
Re4 {[%clk 0:03:05]} 38. Re1 {[%clk 0:18:56]} Rc4 {[%clk 0:03:05]} 1/2-1/2